000 00632nam a2200241Ia 4500
003 OSt
005 20221005100102.0
006 a|||||r|||| 00| 0
007 ta
008 221004b |||||||| |||| 00| 0 mar d
024 _a40125
037 _cTextual
040 _aCRL
_cCRL
_bmar
041 _2mar
_amar
082 _aO15,1:g, 155G9
100 _aJoshi Mahadevsastri
_9620677
245 0 _aSulabh Kavysastra
260 _aPune
_bIndia
300 _a155p.
_ccm.
650 _aMARATHI LITERATURE
_938000
942 _hO15,1:g, 155G9
_cTEXL
_2cc
999 _c1004624
_d1004624